Регионална библиотека "Любен Каравелов" - Русе

Ранно езиково развитие (Запис номер 138314)

MARC детайли
000 -Лидер
Контролно поле с фиксирана дължина 01938nam a2200409 c 4500
003 - Код на организацията, давaща контролен номер
Контролно поле BLK
005 - Дата и час на последна редакция
Контролно поле 20180422112124.0
008 - Елементи от данни с фиксирана дължина
fixed length control field 180409b bul|||||r ||||||| ||bul||
010 ## - Наследен системен номер
LC control number KNG00144301000
020 ## - Международен стандартен номер на книга ISBN
Международен стандартен номер на книга ISBN 978-954-9458-17-6
-- издат.: Логопед. център Ромел
040 ## - Източник на каталожния запис
Идентификатор на билиотеката - собственик на записа BLK
041 ## - Код за език
Код за езика на текст/звукозапис или на отделно заглавие Български
Код за езика КДБФ Български
072 #7 - Код за тематичната категория
Код организация bullib
Код за тематична категория Н37
Текст Образование. Педагогика Н
080 ## - УДК
Текстов определител УДК Възпитание на деца с увредени сетива и нервна система (слепи, глухонеми, епилептици). Логопедия
УДК код - определител по УДК 376.3
УДК определител
УДК - код + определител 376.3
080 ## - УДК
Текстов определител УДК Български език
УДК код - определител по УДК 811.163.2
УДК определител -42-053.2
УДК - код + определител 811.163.2-42-053.2
100 1# - Редна дума - Автор
Автор Стоянова, Юлияна Иванова
Авторска отговорност първи автор
R(LIN) 372652
139 ## - Редно поле
Редна дума Стоянова, Юлияна Иванова
Авторски знак Стоя - С 83
245 10 - Сведения за заглавието
Заглавие Ранно езиково развитие
Подзаглавни данни От първите звукови последователности до многословни изказвания
Редно поле (дума) Юлияна Иванова Стоянова.
257 ## - Страна на издаване
Страна на създаване/издаване България
260 ## - Област на издателските данни
-- София
Име на издателя, разпространителя и проч. Логопед. център Ромел
Година на издаване 2011
Печатница София : Симолини
300 ## - Физическа характеристика
Страници 311 с.
Илюстрации и др. с табл.
Размери/Мащаб 20 см
380 ## - Жанр
Жанр Обществени науки
500 ## - Общи забележки
Забележка Библиогр.: с. 285-301. - Рез. на англ. ез. ; Именен показалец, предм. показалец
650 #4 - Допълнително описание по предмет – тема
Основно описание – тема или топоним Говор - при децата
9 (RLIN) 246134
650 #4 - Допълнително описание по предмет – тема
Основно описание – тема или топоним Говор - разстройства - корекция
9 (RLIN) 279489
650 #4 - Допълнително описание по предмет – тема
Основно описание – тема или топоним Български език - фонетика
9 (RLIN) 251830
653 ## - Ключова дума – ненормативна
Ключова дума говор
653 ## - Ключова дума – ненормативна
Ключова дума говорна техника
653 ## - Ключова дума – ненормативна
Ключова дума езиково обучение
653 ## - Ключова дума – ненормативна
Ключова дума артикулация
659 ## - Тематичен бюлетин
Тематичен бюлетин Н
852 ## - Местоположение
Форматна сигнатура Цб 260094
856 4# - Електронен адрес и достъп
Електронен формат pdf - файл
Път до файла /url/
856 4# - Електронен адрес и достъп
Електронен формат pdf - файл
Път до файла /url/
942 ## - АРТИКУЛИ
Вид на библиотечния материал Книги
Скрит в OPAC Не
944 ## - СЪЗДАВАНЕ И РЕДАКЦИЯ на ЗАПИСА
Създаване/Редакция Създаване
Дата на регистрацията/редакция 21.06.2013
Служител, извършил регистрацията/редакцията Геновева_Генчева
944 ## - СЪЗДАВАНЕ И РЕДАКЦИЯ на ЗАПИСА
Създаване/Редакция Редакция
Дата на регистрацията/редакция 13.11.2013
Служител, извършил регистрацията/редакцията
999 ## - СИСТЕМНИ КОНТРОЛНИ НОМЕРА
Koha biblionumber 138314
Koha biblioitemnumber 138314
Наличности
Код за отписване Код за изгубен артикул Код за повреда Коз за рестрикции Код за отдаване Артикулен № Име на библиотеката - собственик Име на библиотеката, в която се намира в момента Статус (Текущо местоположение) Дата на вписване в системата Местоположение - отдел Цена в лева Инвентарен номер Систематично азбучна сигнатура Баркод Номер на екземпляра Цена в евро Служебна бележка Служебен тип на артикула
  Не е изгубен Не е повреден без рестрикции ползва се в читалня 226138 Регионална библиотека "Любен Каравелов" Русе Регионална библиотека "Любен Каравелов" Русе Хранилище 2013-06-20 Хранилище 22.00 120000767300 Цб 260094 120000767300 1 11.25 Дост: Dp Вид: Д N: 8 Дата: 20.02.2012 Книги
Vip Innovations Ltd, Rousse, Bulgaria 2025